Формирование в малогабаритных ускорителях азимутально-периодического магнитного поля с расширенным спектральным составом

Detalles Bibliográficos
Autor Principal: Звонцов А. А. Александр Акимович
Outros autores: Казьмин В. П. Виктор Павлович
Idioma:ruso
Publicado: Томск, 1987
Subjects:
Formato: MixedMaterials Libro
KOHA link:https://koha.lib.tpu.ru/cgi-bin/koha/opac-detail.pl?biblionumber=594243

MARC

LEADER 00000nam0a2200000 4500
001 594243
005 20231101131810.0
035 |a (RuTPU)RU\TPU\tpu\8663 
035 |a RU\TPU\tpu\8662 
090 |a 594243 
100 |a 20020522d1987 k y0rusy50 ca 
101 0 |a rus 
102 |a RU 
105 |a y z 000zy 
200 1 |a Формирование в малогабаритных ускорителях азимутально-периодического магнитного поля с расширенным спектральным составом  |f А. А. Звонцов, В. П. Казьмин 
210 |a Томск  |d 1987 
215 |a 11 с. 
320 |a Библиогр.: 4 назв. - Деп. в ВИНИТИ, 10.07.87, № 4972-В 87. 
610 1 |a труды учёных ТПУ 
700 1 |a Звонцов  |b А. А.  |c кандидат технических наук  |f 1940-  |g Александр Акимович  |2 stltpush  |3 (RuTPU)RU\TPU\pers\2086 
701 1 |a Казьмин  |b В. П.  |c УНПК "Кибернетика"  |f 1943-  |g Виктор Павлович  |2 stltpush  |3 (RuTPU)RU\TPU\pers\2087 
801 2 |a RU  |b 63413507  |c 20100129  |g PSBO 
942 |c BK